Paisaje humano de Chile

Wedi'i Gadw mewn:
Manylion Llyfryddiaeth
Prif Awdur: Opazo Espinoza, Fernando (autor)
Fformat: Llyfr
Iaith:Sbaeneg
Cyhoeddwyd: Origo Ediciones 2012
Rhifyn:1a. ed
Cyfres:Fotografía Chilena 1960-1980
Pynciau:
Tagiau: Ychwanegu Tag
Dim Tagiau, Byddwch y cyntaf i dagio'r cofnod hwn!

MARC

LEADER 00000cam a2200000 a 4500
001 UCE1893
003 CL-VaPUC
008 140526e20120000cl |||||||||||||||||spa|d
020 |a 9789563161229 
082 0 4 |a 770.983  |b OPA  |2 21 
100 |a Opazo Espinoza, Fernando  |e autor  |9 574312 
245 1 0 |a Paisaje humano de Chile 
250 |a 1a. ed 
300 |a 135 p 
942 |c BK 
945 |d 20140526 07:41:00  |a dcastane 
260 |b Origo Ediciones  |c 2012 
650 0 |a Fotografías artísticas  |9 535989 
650 7 |a FOTOGRAFIAS DE CHILE  |2 CL-VaPUC  |9 558144 
650 0 |a Fotógrafos  |9 327623 
583 |a last modification  |c 20140526 07:41:00  |k Rodrigo Vera 
490 0 |a Fotografía Chilena 1960-1980 
999 |c 355577  |d 355575 
952 |0 0  |1 0  |3 erd  |4 0  |6 770_983000000000000_OPA_2012  |7 0  |8 R  |9 462341  |a BIBART  |b BIBART  |i 5075270  |l 1  |o 770.983 OPA 2012  |p 5075270  |r 2025-03-13  |s 2022-06-14  |w 2019-11-23  |y BK_R  |z Catalogado en:20140526  |k ART